000 00606nam a22001817a 4500
005 20250611122519.0
010 _aENG-145279
020 _a9788180642548
_c400.00
035 _aEN-128811
037 _bDBAD
082 _a362.10820954
_21
245 _aChanging Society of Twentieth Century Bengal/
_cEdited by Shyamal Chandra Sarkar
260 _aKolkata
_bProgressive Publishers
_c2014
270 _a37A, College Street
_bKolkata
_mprogressivepubl@yahoo.co.in
300 _a455p.
_c22cm(hb)
700 _aSarkar, Shyamal Chandra
_eEditor
_981886
942 _2ddc
_cEN
_h362.10820954
_mCHA
999 _c211729
_d211729